000
00321nam a22001457a 4500
008
210311b ||||| |||| 00| 0 eng d
020
_a
9780534178086
041
_a
eng
080
_2
4th
_a
574
082
_2
7th
_a
574
100
_a
9
101
_a
MJE
245
_a
Environmental Science
_c
Miller,T.G
942
_2
udc
_c
BK
999
_c
56434
_d
56434